[Event "Women's Speed Chess Q3"]
[Site "chess.com INT"]
[Date "2021.05.30"]
[Round "17"]
[White "Szente Varga, Fruzsina"]
[Black "Ambartsumova, Karina"]
[Result "0-1"]
[WhiteTitle "WFM"]
[BlackTitle "IM"]
[WhiteElo "2100"]
[BlackElo "2382"]
[WhiteFideId "712264"]
[BlackFideId "4166299"]
[EventDate "2021.05.30"]

1. e4 c5 2. Nf3 e6 3. b3 Nc6 4. Bb2 d6 5. Bb5 Bd7 6. O-O Nf6 7. d3 e5 8. Nbd2
Be7 9. Ne1 O-O 10. f4 exf4 11. Rxf4 d5 12. e5 Nxe5 13. Bxe5 Bxb5 14. Rf1 Bc6 15.
Qe2 Nd7 16. Bb2 Bf6 17. Bxf6 Nxf6 18. Qf2 Qd6 19. Nef3 Rae8 20. Rae1 h6 21. d4
b6 22. c3 Ne4 23. Nxe4 dxe4 24. Ne5 cxd4 25. cxd4 Bd5 26. Re3 Re6 27. Rg3 Qe7
28. Qe3 Kh8 29. Rf5 Bb7 30. Rh5 Rf6 31. h3 Kh7 32. Ng4 Rg6 33. Re5 Qd7 34. Kh2
Re8 35. Rxe8 Qxe8 36. Ne5 Rxg3 37. Qxg3 Qe6 38. Qf4 f6 39. Nc4 Bd5 40. Ne3 Bb7
41. Qg3 Kg8 42. Qf4 Kh7 43. Qg3 a5 44. Qb8 Bd5 45. Qg3 f5 46. Qf4 g6 47. g4 fxg4
48. hxg4 Qf7 49. Qd6 Bb7 50. Ng2 e3 51. Qe5 Bxg2 52. Kxg2 Qf2+ 53. Kh3 Qf3+ 54.
Kh2 Qf2+ 55. Kh3 h5 56. Qe7+ Kg8 57. Qe8+ Kg7 58. Qe7+ Qf7 59. Qxe3 hxg4+ 60.
Kxg4 Qf5+ 61. Kg3 Qd7 62. Qe5+ Kg8 63. d5 Kf7 64. Kf4 Qe7 65. Qd4 Qf6+ 66. Qxf6+
Kxf6 67. d6 Ke6 68. Kg5 Kxd6 69. Kxg6 Kc5 70. Kf5 Kb4 71. Ke5 Ka3 72. Kd4 Kxa2
73. Kc4 Ka3 74. Kc3 b5 75. Kc2 b4 76. Kb1 Kxb3 77. Ka1 Ka3 0-1

[Event "Women's Speed Chess Q3"]
[Site "chess.com INT"]
[Date "2021.05.30"]
[Round "17"]
[White "Balabayeva, Xeniya"]
[Black "Osmak, Iulija"]
[Result "1-0"]
[WhiteTitle "WFM"]
[BlackTitle "IM"]
[WhiteElo "2178"]
[BlackElo "2425"]
[WhiteFideId "13719688"]
[BlackFideId "14101602"]
[EventDate "2021.05.30"]

1. e4 Nc6 2. d4 d6 3. Nf3 Bg4 4. Be2 Nf6 5. Nc3 e5 6. d5 Ne7 7. h3 Bd7 8. Be3
Ng6 9. Qd2 Be7 10. a3 c6 11. O-O cxd5 12. exd5 O-O 13. Nh2 Rc8 14. Kh1 a6 15. f4
exf4 16. Bxf4 Nxf4 17. Qxf4 Ne8 18. Bd3 Bf6 19. Ng4 Bxc3 20. bxc3 f5 21. Ne3 g6
22. c4 Qe7 23. Rae1 Qg7 24. g3 Rd8 25. Kh2 Bc8 26. Ng2 Nf6 27. Qf3 Nh5 28. Re2
Nf6 29. Rfe1 Rf7 30. Qf4 Rff8 31. Qd4 Nd7 32. Qxg7+ Kxg7 33. Nf4 Ne5 34. Re3 b6
35. Kg2 Rf7 36. Bf1 Re7 37. Kf2 Kf6 38. Rb3 Nd7 39. Rxe7 Kxe7 40. Ne6 Rg8 41.
Nd4 Bb7 42. Re3+ Ne5 43. Nf3 Kf6 44. Nxe5 dxe5 45. Rb3 b5 46. cxb5 axb5 47. Rxb5
Bc8 48. c4 Bd7 49. Rb6+ Ke7 50. c5 Rc8 51. c6 Be8 52. a4 Kd6 53. Rb5 Rc7 54. a5
e4 55. Bc4 g5 56. Ke3 Ke5 57. Rb7 f4+ 58. gxf4+ gxf4+ 59. Kf2 Kd6 60. Rxc7 Kxc7
61. Ke2 Bh5+ 62. Kf2 e3+ 63. Kg2 f3+ 64. Kg3 f2 65. Kg2 Bg6 66. a6 Kb6 67. d6
Bf5 68. Kf3 Bxh3 69. c7 Bd7 70. Ke2 Be6 71. Bxe6 Kxa6 72. c8=Q+ Kb6 73. Qb8+ Kc6
74. Qc7+ Kb5 75. d7 Kb4 76. d8=Q Ka3 77. Qdb8 Ka4 78. Qca7# 1-0

[Event "Women's Speed Chess Q3"]
[Site "chess.com INT"]
[Date "2021.05.30"]
[Round "17"]
[White "Morris-Suzuki, Sophie"]
[Black "Nguyen, Thi Mai Hung"]
[Result "0-1"]
[WhiteTitle "WFM"]
[BlackTitle "WGM"]
[WhiteElo "2043"]
[BlackElo "2254"]
[WhiteFideId "30922615"]
[BlackFideId "12401676"]
[EventDate "2021.05.30"]

1. e4 e6 2. Nc3 d5 3. d4 Nf6 4. e5 Nfd7 5. Nf3 c5 6. dxc5 Nc6 7. Bf4 Bxc5 8. Bd3
Qb6 9. O-O Be7 10. Nb5 O-O 11. Nbd4 g6 12. Bb5 a6 13. Bxc6 bxc6 14. Rb1 c5 15.
Ne2 a5 16. Bh6 Re8 17. c4 Ba6 18. cxd5 exd5 19. Re1 d4 20. Nf4 Qc6 21. e6 Nf6
22. exf7+ Kh8 23. fxe8=Q+ Rxe8 24. Ne5 Qc7 25. Qf3 Bb7 26. Qh3 Bd6 27. Nfxg6+
Kg8 28. Bg5 Ne4 29. Qg4 hxg6 30. Nxg6 Qg7 31. Bf4 Bxf4 32. Qxf4 Qxg6 33. f3 Nd6
34. Rxe8+ Nxe8 35. Re1 Bc6 36. Re5 Ng7 37. Rg5 Qf7 38. Qb8+ Qe8 39. Qc7 Qd7 40.
Qb8+ Kh7 41. Kf2 d3 42. Qe5 d2 43. Kg3 d1=Q 44. Rg4 Qe1+ 45. Qxe1 Qd6+ 46. Kh3
Nf5 47. Qh4+ Nxh4 48. Rxh4+ Kg6 49. Rg4+ Kf5 50. Rg3 Qd2 51. Rg4 Qh6+ 52. Rh4
Qe6 53. g4+ Kg5 54. Rh5+ Kf4 55. Rf5+ Ke3 56. Kg3 Qd6+ 57. f4 Qd1 58. Re5+ Kd4
59. Kh4 Qf3 60. Kg5 Bd7 61. Re7 Qxg4+ 62. Kf6 Qf5+ 63. Kg7 Kd5 64. Re5+ Qxe5+
65. fxe5 Kxe5 66. h4 Bg4 67. Kg6 Kf4 68. Kf6 Ke4 69. Kg5 Bd1 70. Kf6 Kd3 71. Ke5
Bf3 72. Kd6 c4 73. Kc5 Be2 74. Kb5 Kc2 75. h5 Kxb2 76. h6 Bd3 77. h7 Bxh7 78.
Kxc4 Bc2 79. Kb5 a4 80. Kb4 Kxa2 81. Kc3 Kb1 82. Kb4 Kb2 83. Kc4 a3 84. Kd4 a2
85. Ke3 a1=Q 86. Kf3 Qa3+ 87. Ke2 Qd3+ 88. Ke1 Bb3 89. Kf2 Kc2 90. Kg1 Qf5 91.
Kh2 Qg4 92. Kh1 Kd2 93. Kh2 Ke2 94. Kh1 Bd5+ 95. Kh2 Qg2# 0-1

[Event "Women's Speed Chess Q3"]
[Site "chess.com INT"]
[Date "2021.05.30"]
[Round "17"]
[White "Nguyen, Hong Anh"]
[Black "Koridze, Lile"]
[Result "1/2-1/2"]
[WhiteTitle "WIM"]
[BlackTitle "WFM"]
[WhiteElo "1993"]
[BlackElo "2016"]
[WhiteFideId "12406732"]
[BlackFideId "13612514"]
[EventDate "2021.05.30"]

1. d4 Nf6 2. c4 e6 3. Nf3 d5 4. g3 Bb4+ 5. Bd2 Be7 6. Bg2 O-O 7. O-O c6 8. Qc2
b6 9. Bf4 a5 10. Nbd2 Ba6 11. Rfd1 Nbd7 12. Rac1 c5 13. cxd5 Nxd5 14. Be5 Bxe2
15. Re1 Nxe5 16. Nxe5 Bb5 17. a4 Be8 18. dxc5 Bxc5 19. Ne4 Bb4 20. Nc3 Rc8 21.
Red1 Qc7 22. Bxd5 Qxe5 23. Bg2 Bc6 24. Bxc6 Rxc6 25. Qd3 h6 26. Nb5 Rxc1 27.
Rxc1 Qxb2 28. Rc7 Qa1+ 29. Kg2 Qxa4 30. Nd4 Bc5 31. Nxe6 fxe6 32. Qg6 Qd4 33.
Qxe6+ Kh8 34. f4 Qf6 35. Qd7 a4 36. Rc6 Qf7 37. Qd3 Qb7 38. Qd5 Qf7 39. Qe5 a3
40. Rxh6+ Kg8 41. Rh4 a2 42. Qe4 Qf5 43. Qc4+ Qf7 44. Qd3 g6 45. Qc3 Qg7 46.
Qb3+ Qf7 47. Qc3 Qf6 48. Qc4+ Kg7 49. Qxa2 Qc6+ 50. Kh3 Qd7+ 51. Kg2 Rd8 52.
Qb2+ Qd4 53. Qb1 Qd5+ 54. Kh3 Qd3 55. Qa1+ Qd4 56. Qa7+ Qd7+ 57. Qxd7+ Rxd7 58.
Kg4 Rd2 59. Kf3 Rd3+ 60. Ke4 Rb3 61. Kd5 Rb2 62. Rg4 Rxh2 63. f5 Kf6 64. fxg6
Rh5+ 65. Kc4 Kg7 66. Re4 Kxg6 67. g4 Rh4 68. Kb5 Kg5 69. Re6 Rxg4 70. Re5+ Kf6
71. Re8 Rg5 72. Rc8 Kg6 73. Ka6 Kf6 74. Kb5 Re5 75. Rc6+ Ke7 76. Rc8 Kd7 77. Rh8
Rf5 78. Rh7+ Be7+ 79. Kxb6 Kd6 80. Rh6+ Bf6 81. Rh7 Rf1 82. Kb5 Rb1+ 83. Kc4
Rc1+ 84. Kd3 Rc6 85. Ke4 Ke6 86. Rh6 Rc4+ 87. Kd3 Rg4 88. Rh3 Ke5 89. Re3+ Kd5
90. Rf3 Be5 91. Ke3 Bd4+ 92. Kd3 Be5 93. Ke3 Ra4 94. Kd3 Ra3+ 95. Ke2 Ra2+ 96.
Kd3 Bd4 97. Rf5+ Be5 98. Rf3 Ra1 99. Rf8 Ra3+ 100. Ke2 Ke4 101. Kd2 Ra2+ 102.
Kc1 Kd3 103. Kb1 Rb2+ 104. Kc1 Re2 105. Kd1 Rh2 106. Rd8+ Bd4 107. Re8 Ra2 108.
Rc8 Ra1+ 109. Rc1 Ra2 110. Rc6 Rh2 111. Re6 Rh1+ 112. Re1 Rh2 113. Rf1 Be3 114.
Re1 Rd2+ 115. Kc1 Rc2+ 116. Kb1 Bd4 117. Rd1+ Kc3 118. Rxd4 Rb2+ 119. Kc1 Ra2
120. Kb1 Rf2 121. Rd1 Rd2 122. Rxd2 Kxd2 1/2-1/2

[Event "Women's Speed Chess Q3"]
[Site "chess.com INT"]
[Date "2021.05.30"]
[Round "18"]
[White "Kanyamarala, Trisha"]
[Black "Eswaran, Aksithi"]
[Result "1-0"]
[WhiteTitle "WIM"]
[BlackTitle "WCM"]
[WhiteElo "2180"]
[BlackElo "1745"]
[WhiteFideId "45004722"]
[BlackFideId "2083485"]
[EventDate "2021.05.30"]

1. d4 d5 2. c4 c6 3. cxd5 cxd5 4. Nc3 Nc6 5. Nf3 e6 6. Bf4 Nf6 7. e3 a6 8. Bd3
Bd6 9. Bg5 O-O 10. O-O h6 11. Bh4 Be7 12. Rc1 b5 13. Nxb5 a5 1-0

[Event "Women's Speed Chess Q3"]
[Site "chess.com INT"]
[Date "2021.05.30"]
[Round "18"]
[White "Ulziikhishigjargal, Ochirkhuyag"]
[Black "Ribeiro, Regina"]
[Result "1-0"]
[WhiteTitle "FM"]
[BlackTitle "WIM"]
[WhiteElo "2020"]
[BlackElo "1920"]
[WhiteFideId "4903188"]
[BlackFideId "2100681"]
[EventDate "2021.05.30"]

1. d4 Nf6 2. Nf3 d6 3. Bg5 g6 4. Nc3 Bg7 5. Qd2 h6 6. Bf4 Nbd7 7. h4 h5 8. Ng5
c6 9. f3 e5 10. dxe5 dxe5 11. Be3 Qa5 12. O-O-O Nb6 13. Qd8# 1-0

[Event "Women's Speed Chess Q3"]
[Site "chess.com INT"]
[Date "2021.05.30"]
[Round "18"]
[White "Zhai, Mo"]
[Black "Zawadzka, Jolanta"]
[Result "1-0"]
[WhiteTitle "WGM"]
[BlackTitle "WGM"]
[WhiteElo "2366"]
[BlackElo "2399"]
[WhiteFideId "8600201"]
[BlackFideId "1122320"]
[EventDate "2021.05.30"]

1. Nf3 d5 2. g3 Nf6 3. Bg2 Bg4 4. h3 Bxf3 5. Bxf3 e5 6. d3 c6 7. O-O Bd6 8. Bg2
O-O 9. c4 Re8 10. cxd5 cxd5 11. Nc3 Bc5 12. Bg5 e4 13. dxe4 dxe4 14. Qxd8 Rxd8
15. Nxe4 Be7 16. Nxf6+ gxf6 17. Bxb7 fxg5 18. Bxa8 Na6 19. Bf3 Nb4 20. Rfd1 Rb8
21. Rd7 Bc5 22. Rc1 Bb6 23. a3 Na6 24. b4 h6 25. Bb7 Nc7 26. Rcxc7 Bxc7 27. Rxc7
Rd8 28. Kg2 Rd2 29. Bf3 Ra2 30. Rxa7 1-0

[Event "Women's Speed Chess Q3"]
[Site "chess.com INT"]
[Date "2021.05.30"]
[Round "18"]
[White "Gevorgyan, Maria"]
[Black "Nguyen, Hong Anh"]
[Result "1-0"]
[WhiteTitle "WGM"]
[BlackTitle "WIM"]
[WhiteElo "2219"]
[BlackElo "1993"]
[WhiteFideId "13300270"]
[BlackFideId "12406732"]
[EventDate "2021.05.30"]

1. e4 c5 2. Nc3 Nc6 3. Bb5 Nd4 4. Bc4 g6 5. Nf3 Bg7 6. Nxd4 cxd4 7. Qf3 Nf6 8.
e5 dxc3 9. dxc3 O-O 10. exf6 Bxf6 11. Bh6 Re8 12. O-O d6 13. Rad1 Bf5 14. h3
Bxc2 15. Rd2 Bf5 16. g4 Be6 17. Bxe6 fxe6 18. Qxb7 Qb6 19. Qe4 e5 20. Qd5+ Kh8
21. Qe6 Rad8 22. Qf7 Qc6 23. g5 d5 24. gxf6 Qxf6 25. Qxf6+ exf6 26. Be3 a6 27.
Rfd1 1-0

[Event "Women's Speed Chess Q3"]
[Site "chess.com INT"]
[Date "2021.05.30"]
[Round "18"]
[White "Zuriel, Marisa"]
[Black "Kiran, Manisha Mohanty"]
[Result "0-1"]
[WhiteTitle "WIM"]
[BlackTitle "WGM"]
[WhiteElo "2203"]
[BlackElo "2168"]
[WhiteFideId "109142"]
[BlackFideId "5019575"]
[EventDate "2021.05.30"]

1. e4 c5 2. Nf3 d6 3. d4 cxd4 4. Nxd4 Nf6 5. Nc3 Nc6 6. Bc4 e6 7. Bb3 a6 8. O-O
Be7 9. Kh1 O-O 10. f4 Qc7 11. f5 Nxd4 12. Qxd4 Qc5 13. Qd3 b5 14. Bg5 b4 15. Ne2
a5 16. c3 a4 17. Bc2 Ba6 18. Qf3 e5 19. Bxf6 Bxf6 20. Ng3 a3 21. bxa3 Qxc3 22.
Qxc3 bxc3 23. Rfd1 Rab8 24. Nh5 Bg5 25. Bb3 Be2 26. Re1 Bxh5 0-1

[Event "Women's Speed Chess Q3"]
[Site "chess.com INT"]
[Date "2021.05.30"]
[Round "18"]
[White "Grigoryan, Meri"]
[Black "Narva, Mai"]
[Result "0-1"]
[WhiteTitle "WFM"]
[BlackTitle "WIM"]
[WhiteElo "2044"]
[BlackElo "2276"]
[WhiteFideId "13300571"]
[BlackFideId "4500512"]
[EventDate "2021.05.30"]

1. d4 Nf6 2. c4 e6 3. Nc3 Bb4 4. Qc2 d5 5. cxd5 exd5 6. Bd2 O-O 7. e3 c5 8. dxc5
Bxc5 9. Nf3 Nc6 10. a3 d4 11. Nb5 dxe3 12. Bxe3 Bxe3 13. fxe3 Re8 14. Be2 Qb6
15. O-O-O Qxe3+ 16. Rd2 Ne4 17. Nc7 Nxd2 18. Qxd2 Qxd2+ 19. Nxd2 Rxe2 20. Nxa8
Rxg2 21. Re1 Be6 22. Nc7 Nd4 23. Nxe6 Nxe6 24. h4 Rh2 25. Nf3 Rh3 26. Rf1 f6 27.
Kd2 Kf7 28. Ke3 g5 29. hxg5 Nxg5 30. Kf4 Rxf3+ 31. Rxf3 Nxf3 32. Kxf3 Ke6 0-1

[Event "Women's Speed Chess Q3"]
[Site "chess.com INT"]
[Date "2021.05.30"]
[Round "18"]
[White "Cyfka, Karina"]
[Black "Alboredo, Julia"]
[Result "1-0"]
[WhiteTitle "IM"]
[BlackTitle "WFM"]
[WhiteElo "2415"]
[BlackElo "2182"]
[WhiteFideId "1122681"]
[BlackFideId "2124807"]
[EventDate "2021.05.30"]

1. d4 Nf6 2. c4 g6 3. Nc3 d5 4. Qb3 dxc4 5. Qxc4 Bg7 6. e4 O-O 7. Be2 c5 8. dxc5
Be6 9. Qd3 Qc8 10. Be3 Na6 11. Nf3 Nxc5 12. Bxc5 Qxc5 13. O-O Rfd8 14. Qb5 Qxb5
15. Bxb5 a6 16. Ba4 b5 17. Bb3 b4 18. Na4 Bxb3 19. axb3 Nxe4 20. Rad1 Rac8 21.
g3 f5 22. Kg2 h6 23. Rxd8+ Rxd8 24. Rc1 Nd2 25. Rd1 Nxf3 26. Rxd8+ Kf7 27. Kxf3 1-0

[Event "Women's Speed Chess Q3"]
[Site "chess.com INT"]
[Date "2021.05.30"]
[Round "18"]
[White "Koridze, Lile"]
[Black "Ambartsumova, Karina"]
[Result "0-1"]
[WhiteTitle "WFM"]
[BlackTitle "IM"]
[WhiteElo "2016"]
[BlackElo "2382"]
[WhiteFideId "13612514"]
[BlackFideId "4166299"]
[EventDate "2021.05.30"]

1. d4 Nf6 2. c4 e6 3. Nc3 d5 4. Nf3 Bb4 5. e3 O-O 6. Bd3 c5 7. O-O cxd4 8. exd4
Nc6 9. cxd5 exd5 10. Bg5 Be7 11. Bc2 Bg4 12. Qd3 g6 13. Bh6 Re8 14. Ne5 Bf5 15.
Qd2 Bxc2 16. Nxc6 bxc6 17. Qxc2 Rc8 18. Rfe1 c5 19. dxc5 Rxc5 20. Qd2 d4 21. Ne2
Rd5 22. Rad1 Ne4 23. Qf4 Bd6 24. Qg4 f5 25. Qh3 d3 26. Rxd3 Rxd3 27. f3 Bc5+ 28.
Kf1 Nd2+ 29. Bxd2 Rxd2 30. Qh6 Rdxe2 31. Rxe2 Qd1+ 0-1

[Event "Women's Speed Chess Q3"]
[Site "chess.com INT"]
[Date "2021.05.30"]
[Round "18"]
[White "Eswaran, Ashritha"]
[Black "Sikorova, Olga"]
[Result "1-0"]
[WhiteTitle "WIM"]
[BlackTitle "WGM"]
[WhiteElo "2244"]
[BlackElo "2215"]
[WhiteFideId "2080788"]
[BlackFideId "307033"]
[EventDate "2021.05.30"]

1. e4 e6 2. d4 d5 3. Nc3 Bb4 4. e5 c5 5. a3 Bxc3+ 6. bxc3 Qa5 7. Bd2 Qa4 8. Qb1
c4 9. Qd1 Nc6 10. h4 Bd7 11. h5 h6 12. g4 f6 13. f4 O-O-O 14. Nf3 fxe5 15. fxe5
Nge7 16. Qb1 Rdf8 17. Bg2 Be8 18. Kf2 g6 19. hxg6 Bxg6 20. Rxh6 Bxc2 21. Qb2 Ng6
22. Rxh8 Rxh8 23. Ng5 Kd7 24. Qxb7+ Ke8 25. Qf7+ Kd8 26. Nxe6+ 1-0

[Event "Women's Speed Chess Q3"]
[Site "chess.com INT"]
[Date "2021.05.30"]
[Round "18"]
[White "Chu, Ruotong"]
[Black "Vine, Elzbieta"]
[Result "1-0"]
[WhiteTitle "WIM"]
[BlackTitle "WFM"]
[WhiteElo "2207"]
[BlackElo "2138"]
[WhiteFideId "8605653"]
[BlackFideId "1119320"]
[EventDate "2021.05.30"]

1. d4 d5 2. Nf3 Bg4 3. g3 Nf6 4. Bg2 c6 5. O-O Nbd7 6. c4 Qc7 7. Bf4 Qa5 8. Ne5
e6 9. Nxg4 Nxg4 10. cxd5 exd5 11. e4 Ndf6 12. e5 Ne4 13. Qxg4 Be7 14. Qxg7 O-O-O
15. Bh3+ Kb8 16. Qxf7 Qb4 17. a3 Qxb2 18. Qxe7 Qxa1 19. e6+ Ka8 20. Be5 Qb2 21.
Bxh8 Rxh8 22. Qg7 Re8 23. Qd7 Rh8 24. e7 Nf6 25. Qd8+ 1-0

[Event "Women's Speed Chess Q3"]
[Site "chess.com INT"]
[Date "2021.05.30"]
[Round "18"]
[White "Batsiashvili, Nino"]
[Black "Petrova, Irina"]
[Result "1-0"]
[WhiteTitle "GM"]
[BlackTitle "WIM"]
[WhiteElo "2491"]
[BlackElo "2110"]
[WhiteFideId "13602993"]
[BlackFideId "14124122"]
[EventDate "2021.05.30"]

1. d4 d6 2. Nf3 g6 3. c4 Bg7 4. Nc3 Nc6 5. d5 Ne5 6. Nxe5 Bxe5 7. e4 Bg7 8. Be2
Nf6 9. O-O O-O 10. f4 e6 11. Bf3 exd5 12. cxd5 Bd7 13. Be3 Re8 14. Bd4 c5 15.
dxc6 bxc6 16. e5 dxe5 17. fxe5 Nd5 18. Nxd5 cxd5 19. Bxd5 Rb8 20. Bxf7+ Kh8 21.
Bxe8 Qxe8 22. Bc3 Bb5 23. Re1 Qc6 24. Qf3 Qc5+ 25. Qe3 Qc7 26. e6 Re8 27. e7
Bxc3 28. Qxc3+ Qxc3 29. bxc3 Kg7 30. Rab1 Bc4 31. a3 Kf7 32. Rb4 Be6 33. Rb7
Rxe7 34. Rxe7+ Kxe7 35. Kf2 Kd6 36. Ke3 Bd5 37. Kd4 Bxg2 38. c4 Kc6 39. c5 Bf3
40. Re7 h5 41. Rxa7 g5 42. Rg7 g4 43. Rh7 Bd1 44. Rxh5 g3 45. Rh6+ Kc7 46. hxg3
Bg4 47. a4 1-0

[Event "Women's Speed Chess Q3"]
[Site "chess.com INT"]
[Date "2021.05.30"]
[Round "18"]
[White "Varshini, V"]
[Black "Golubeva, Oksana"]
[Result "1-0"]
[WhiteTitle "WGM"]
[BlackTitle "WFM"]
[WhiteElo "2226"]
[BlackElo "2179"]
[WhiteFideId "5091241"]
[BlackFideId "4170164"]
[EventDate "2021.05.30"]

1. e4 e6 2. d4 d5 3. e5 c5 4. c3 Bd7 5. Nf3 Qb6 6. a3 Nc6 7. b4 cxd4 8. cxd4 Rc8
9. Be2 Nxd4 10. Nxd4 Rxc1 11. Qxc1 Qxd4 12. Qc3 Qb6 13. O-O Ne7 14. Nd2 Nc6 15.
Nb3 Be7 16. b5 Nd8 17. a4 d4 18. Qxd4 Qxd4 19. Nxd4 Bc5 20. Nb3 Bb4 21. Rfd1 Ke7
22. Rac1 f6 23. Rc7 fxe5 24. Rcxd7+ Kf6 25. Rxd8 Rxd8 26. Rxd8 e4 27. Rd7 Ke5
28. Rxb7 g5 29. Rxa7 h5 30. Bxh5 e3 31. fxe3 Ke4 32. b6 Kxe3 33. b7 Kd3 34. b8=Q
Kc3 35. Rc7+ Kxb3 36. Rb7 Ka3 37. Rxb4 e5 38. Re4 g4 39. Qb4+ Ka2 40. Re3 g3 41.
Ra3# 1-0

[Event "Women's Speed Chess Q3"]
[Site "chess.com INT"]
[Date "2021.05.30"]
[Round "18"]
[White "Rakshitta, Ravi"]
[Black "Doluhanova, Evgeniya"]
[Result "1-0"]
[WhiteTitle "WIM"]
[BlackTitle "WGM"]
[WhiteElo "2190"]
[BlackElo "2207"]
[WhiteFideId "25073230"]
[BlackFideId "14112035"]
[EventDate "2021.05.30"]

1. e4 e5 2. Nf3 Nc6 3. Bc4 Bc5 4. O-O Nf6 5. d4 Bxd4 6. Nxd4 Nxd4 7. f4 d6 8.
fxe5 dxe5 9. Bg5 Be6 10. Na3 Qe7 11. c3 Nc6 12. Bxf6 gxf6 13. Kh1 Qd6 14. Qxd6
cxd6 15. Bxe6 fxe6 16. Rxf6 Ke7 17. Raf1 Raf8 18. Rxf8 Rxf8 19. Rxf8 Kxf8 20.
Nb5 Ke7 21. Kg1 a6 22. Na3 d5 23. Kf2 b5 24. Nc2 Kd6 25. Ke3 Na5 26. b3 Nc6 27.
g4 a5 28. h4 b4 29. c4 d4+ 30. Kd3 Ne7 31. Ne1 Ng6 32. h5 Nf4+ 33. Kd2 Kc5 34.
Nd3+ Kd6 35. Nxf4 exf4 36. Kd3 f3 37. g5 Ke7 38. c5 e5 39. g6 hxg6 40. hxg6 1-0

[Event "Women's Speed Chess Q3"]
[Site "chess.com INT"]
[Date "2021.05.30"]
[Round "18"]
[White "Nanditha, V"]
[Black "Tarasova, Viktoriya"]
[Result "1-0"]
[WhiteTitle "WCM"]
[BlackTitle "WIM"]
[WhiteElo "1666"]
[BlackElo "2226"]
[WhiteFideId "46626697"]
[BlackFideId "4175840"]
[EventDate "2021.05.30"]

1. e4 c5 2. Nf3 d6 3. d4 cxd4 4. Nxd4 Nf6 5. Nc3 a6 6. Qd3 Nbd7 7. Be2 g6 8. Bg5
Bg7 9. O-O-O O-O 10. Kb1 b5 11. f4 Bb7 12. Bf3 Nc5 13. Qe3 b4 14. Nd5 e6 15.
Nxf6+ Bxf6 16. Bxf6 Qxf6 17. e5 dxe5 18. fxe5 Qe7 19. Bxb7 Nxb7 20. h4 h5 21. g4
hxg4 22. h5 g5 23. Rdg1 Kh8 24. Rxg4 Rg8 25. Rhg1 Rg7 26. Rxg5 Rag8 27. Rxg7
Rxg7 28. Qh6+ Rh7 29. Qf4 Rxh5 30. Qf3 Rh7 31. Nc6 Qh4 32. Nb8 Nc5 33. Qa8 Rg7
34. Rh1 1-0

[Event "Women's Speed Chess Q3"]
[Site "chess.com INT"]
[Date "2021.05.30"]
[Round "18"]
[White "Kiolbasa, Oliwia"]
[Black "Bivol, Alina"]
[Result "0-1"]
[WhiteTitle "WIM"]
[BlackTitle "WGM"]
[WhiteElo "2255"]
[BlackElo "2385"]
[WhiteFideId "1154613"]
[BlackFideId "4100123"]
[EventDate "2021.05.30"]

1. e4 e6 2. d4 d5 3. e5 c5 4. c3 Nc6 5. Nf3 Bd7 6. Be2 Rc8 7. O-O cxd4 8. cxd4
Nge7 9. Nc3 a6 10. Bd3 Ng6 11. Re1 Be7 12. g3 O-O 13. h4 f6 14. h5 Nh8 15. Bc2
fxe5 16. Nxe5 Nxe5 17. Rxe5 Bf6 18. Re1 Nf7 19. Qd3 g6 20. hxg6 Ng5 21. gxh7+
Kh8 22. Qg6 Nf3+ 23. Kf1 Nxe1 24. Kxe1 Bxd4 25. Bh6 Qf6 26. Bxf8 Qxf2+ 27. Kd1
Rxf8 28. Ne2 Be3 29. Bd3 Qf1+ 30. Kc2 Qxa1 31. Nf4 Rc8+ 32. Kb3 Qd1+ 33. Bc2
Qxc2+ 34. Qxc2 Ba4+ 35. Kxa4 Rxc2 36. Nxe6 Rxb2 37. Nf8 Bd2 0-1

[Event "Women's Speed Chess Q3"]
[Site "chess.com INT"]
[Date "2021.05.30"]
[Round "18"]
[White "Varney, Zoe"]
[Black "Priyanka, K"]
[Result "0-1"]
[WhiteTitle "WCM"]
[BlackTitle "WIM"]
[WhiteElo "1917"]
[BlackElo "2218"]
[WhiteFideId "436135"]
[BlackFideId "5082986"]
[EventDate "2021.05.30"]

1. e4 c5 2. Nf3 d6 3. d4 cxd4 4. Nxd4 Nf6 5. Nc3 a6 6. Be3 e5 7. Nb3 Be7 8. f3
Be6 9. Qd2 Nbd7 10. g4 O-O 11. O-O-O b5 12. h4 b4 13. Nd5 Bxd5 14. exd5 a5 15.
h5 Nb6 16. g5 Nfxd5 17. Bxb6 Nxb6 18. g6 Bg5 19. f4 Bxf4 20. Qxf4 exf4 21. gxh7+
Kxh7 22. Bd3+ f5 23. Rdg1 Nd5 24. Nd4 Ne3 25. Kd2 Qf6 26. c3 bxc3+ 27. bxc3 Rab8
28. Rg6 Qe5 29. Re6 Qc5 30. h6 Rb2+ 31. Nc2 Rxc2+ 32. Bxc2 Qd5+ 33. Bd3 Qxe6 34.
hxg7+ Kxg7 35. Rg1+ Kf6 36. Re1 Nc4+ 37. Kd1 Nb2+ 38. Kd2 Qxe1+ 39. Kxe1 Nxd3+ 0-1

[Event "Women's Speed Chess Q3"]
[Site "chess.com INT"]
[Date "2021.05.30"]
[Round "18"]
[White "Komiagina, Maria"]
[Black "Vargas, Gabriela"]
[Result "0-1"]
[WhiteTitle "WIM"]
[BlackTitle "WIM"]
[WhiteElo "2241"]
[BlackElo "2170"]
[WhiteFideId "4153987"]
[BlackFideId "3700860"]
[EventDate "2021.05.30"]

1. d4 d5 2. Nf3 c6 3. h3 Bf5 4. Bf4 Qb6 5. Qc1 e6 6. c3 h6 7. Nbd2 Nd7 8. Nb3
Ngf6 9. e3 c5 10. Be2 c4 11. Nbd2 Bd6 12. O-O O-O 13. b3 cxb3 14. axb3 Bxf4 15.
exf4 Rac8 16. Qb2 Ne4 17. Nxe4 Bxe4 18. Ne5 Nxe5 19. fxe5 Rc6 20. Kh2 Rfc8 21.
Rfc1 a6 22. f3 Bg6 23. h4 f6 24. exf6 gxf6 25. Qd2 Qc7+ 26. Kh3 Kg7 27. g4 Rxc3
28. Rxc3 Qxc3 29. Qf4 Qc7 30. Qd2 Qd6 31. h5 Bh7 32. Qe3 e5 33. dxe5 Qxe5 34.
Qd2 Re8 35. Re1 d4 36. Kg2 d3 37. Bxd3 Qxe1 0-1

[Event "Women's Speed Chess Q3"]
[Site "chess.com INT"]
[Date "2021.05.30"]
[Round "18"]
[White "Zaichenko, Daria"]
[Black "Jakubowska, Anna"]
[Result "1/2-1/2"]
[WhiteTitle "WFM"]
[BlackTitle "WIM"]
[WhiteElo "2104"]
[BlackElo "2073"]
[WhiteFideId "4197453"]
[BlackFideId "1121952"]
[EventDate "2021.05.30"]

1. e4 c6 2. d4 d5 3. Nc3 dxe4 4. Nxe4 Nf6 5. Nxf6+ exf6 6. Nf3 Bd6 7. Bd3 O-O 8.
Be3 Re8 9. Qd2 Nd7 10. O-O-O b5 11. Kb1 a5 12. h4 b4 13. g4 a4 14. g5 b3 15. a3
bxc2+ 16. Bxc2 Nb6 17. Bd3 Ba6 18. gxf6 Qxf6 19. Ng5 Bxd3+ 20. Qxd3 g6 21. h5
Re7 22. Nxh7 Qf5 23. Qxf5 gxf5 24. Nf6+ Kg7 25. Bg5 Re2 26. h6+ Kh8 27. h7 Nc4
28. Ne8 Be7 29. Bxe7 Rxe7 30. Nf6 Re2 31. Rc1 Rb8 32. Rxc4 Rbxb2+ 33. Kc1 Ra2
34. Kd1 Red2+ 35. Ke1 Re2+ 36. Kf1 Rxf2+ 37. Kg1 Rg2+ 38. Kf1 Rgf2+ 39. Ke1
Rfe2+ 40. Kf1 Rf2+ 1/2-1/2